<?xml version="1.0" encoding="UTF-8"?><collection xmlns="info:lc/xmlns/marcxchange-v2"><record format="Unimarc" type="bibliographic"><leader>00748nam  220022900 450 </leader><controlfield tag="001">3685423</controlfield><controlfield tag="003">http://id.bnportugal.gov.pt/bib/porbase/3685423</controlfield><datafield ind1=" " ind2=" " tag="010"><subfield code="a">81-7022-619-8</subfield></datafield><datafield ind1=" " ind2=" " tag="035"><subfield code="a">fo004_bc.iso/11-10-2023/6958</subfield></datafield><datafield ind1=" " ind2=" " tag="035"><subfield code="a">FO20211231105246</subfield></datafield><datafield ind1=" " ind2=" " tag="100"><subfield code="a">20211231d2021    k  y0porb0103    ba</subfield></datafield><datafield ind1="0" ind2=" " tag="101"><subfield code="a">eng</subfield></datafield><datafield ind1=" " ind2=" " tag="102"><subfield code="a">IN</subfield></datafield><datafield ind1=" " ind2=" " tag="105"><subfield code="a">a       001yy</subfield></datafield><datafield ind1=" " ind2=" " tag="106"><subfield code="a">r</subfield></datafield><datafield ind1="1" ind2=" " tag="200"><subfield code="a">Profiles of eminent Goans</subfield><subfield code="e">past and present</subfield><subfield code="f">J. Clement Vaz</subfield></datafield><datafield ind1=" " ind2=" " tag="210"><subfield code="a">New Delhi</subfield><subfield code="c">Concept Publishing Company</subfield><subfield code="d">1997</subfield></datafield><datafield ind1=" " ind2=" " tag="215"><subfield code="a">347 p.</subfield><subfield code="c">il.</subfield><subfield code="d">23 cm</subfield></datafield><datafield ind1=" " ind2=" " tag="675"><subfield code="a">929 A/Z</subfield><subfield code="v">BN</subfield><subfield code="z">por</subfield></datafield><datafield ind1=" " ind2="1" tag="700"><subfield code="a">Vaz</subfield><subfield code="b">J. Clemente</subfield></datafield><datafield ind1=" " ind2="0" tag="801"><subfield code="a">PT</subfield><subfield code="b">FO</subfield><subfield code="c">20071122</subfield><subfield code="g">RPC</subfield></datafield><datafield ind1=" " ind2=" " tag="859"><subfield code="u">/BiblioNET/Upload/Profiles of eminent goans.jpg</subfield><subfield code="z">capa</subfield></datafield><datafield ind1=" " ind2=" " tag="966"><subfield code="l">FO</subfield><subfield code="m">FO</subfield><subfield code="s">INDIA_OCIDENTAL 929 A/Z</subfield></datafield><datafield ind1=" " ind2=" " tag="966"><subfield code="l">FO</subfield><subfield code="m">FO</subfield><subfield code="s">INDIA_OCIDENTAL 929 A/Z</subfield></datafield></record></collection>